Impact of climate change on natural rubber productivity in different agro-climatic regions of India (Record no. 60719)

MARC details
000 -LEADER
fixed length control field 00569nam a2200145Ia 4500
100 ## - MAIN ENTRY--AUTHOR NAME
Personal name Jacob J.
245 #0 - TITLE STATEMENT
Title Impact of climate change on natural rubber productivity in different agro-climatic regions of India
260 ## - PUBLICATION, DISTRIBUTION, ETC. (IMPRINT)
Name of publisher International Workshop on Climate Change and Rubber Cultivation: R & D Priorities, 28-30 July 2010, Rubber Research Institute of India, Kottayam, pp.8-11
Year of publication 2010
650 ## - SUBJECT ADDED ENTRY--TOPICAL TERM
Topical Term Climate change
650 ## - SUBJECT ADDED ENTRY--TOPICAL TERM
Topical Term Crop diseases
650 ## - SUBJECT ADDED ENTRY--TOPICAL TERM
Topical Term Weather variables
700 ## - ADDED ENTRY--PERSONAL NAME
Personal name Satheesh P.R.
942 ## - ADDED ENTRY ELEMENTS (KOHA)
Koha item type Journals
Holdings
Withdrawn status Lost status Damaged status Not for loan Home library Current library Shelving location Date acquired Koha item type
      Journals RRII Library RRII Library Climate change 13/08/2010 Journals